ՄԱՅՐ ԱԹՈՌ ՍՈՒՐԲ ԷՋՄԻԱԾԻՆ

«ՎԱՉԵ ԵՎ ԹԱՄԱՐ ՄԱՆՈՒԿՅԱՆ» ՄԱՏԵՆԱԴԱՐԱՆ

Եկեղեցի - պետություն փոխհարաբերությունը Խորհրդային Հայաստանում 1920-1930-ական թվականներին / (Record no. 77068)

MARC details
000 -LEADER
fixed length control field 01319nam a22002537a 4500
003 - CONTROL NUMBER IDENTIFIER
control field SEM
005 - DATE AND TIME OF LATEST TRANSACTION
control field 20251023105637.0
008 - FIXED-LENGTH DATA ELEMENTS--GENERAL INFORMATION
fixed length control field 251015s2025 ai ||||gr||||||01|0|arm|d
020 ## - INTERNATIONAL STANDARD BOOK NUMBER
International Standard Book Number 9789939593487
040 ## - CATALOGING SOURCE
Original cataloging agency SEM
Transcribing agency SEM
041 ## - LANGUAGE CODE
Language code of text/sound track or separate title arm
082 ## - DEWEY DECIMAL CLASSIFICATION NUMBER
Classification number 281.62(09)/Հ-42
100 ## - MAIN ENTRY--PERSONAL NAME
Personal name Հարությունյան, Ավագ
Fuller form of name (Harutyunyan, Avag)
245 ## - TITLE STATEMENT
Title Եկեղեցի - պետություն փոխհարաբերությունը Խորհրդային Հայաստանում 1920-1930-ական թվականներին /
Statement of responsibility, etc. Ա․ Հարությունյան ; Կաթողիկոսություն Ամենայն Հայոց
246 ## - VARYING FORM OF TITLE
Title proper/short title Church - state relationship in Soviet Armenia in the 1920 s-1930 s /
246 ## - VARYING FORM OF TITLE
Title proper/short title Церковно - государственные отношения в советской Армении в 1920-1930-x годах /
260 ## - PUBLICATION, DISTRIBUTION, ETC.
Place of publication, distribution, etc. Ս․ էջմիածին ։
Name of publisher, distributor, etc. Մայր Աթոռ Սուրբ Էջմիածնի հրատ․,
Date of publication, distribution, etc. 2025․
300 ## - PHYSICAL DESCRIPTION
Extent 239 էջ ;
Other physical details նկ․ ;
Dimensions 23 սմ
650 ## - SUBJECT ADDED ENTRY--TOPICAL TERM
Topical term or geographic name entry element Հայ եկեղեցու պատմություն
651 ## - SUBJECT ADDED ENTRY--GEOGRAPHIC NAME
Geographic name Եկեղեցի
General subdivision պետություն
-- փոխհարաբերություն
Geographic subdivision Խորհրդային Հայաստան
653 ## - INDEX TERM--UNCONTROLLED
Uncontrolled term ՍԷՄ
710 ## - ADDED ENTRY--CORPORATE NAME
Corporate name or jurisdiction name as entry element Կաթողիկոսություն Ամենայն Հայոց
942 ## - ADDED ENTRY ELEMENTS (KOHA)
Source of classification or shelving scheme Dewey Decimal Classification
Koha item type Գրքեր/Books
Suppress in OPAC No
Holdings
Withdrawn status Lost status Source of classification or shelving scheme Damaged status Not for loan Collection code Home library Current library Date acquired Cost, normal purchase price Inventory number Total Checkouts Full call number Barcode Date last seen Price effective from Koha item type Public note
    Dewey Decimal Classification     Ցուցասրահ Մայր Աթոռ Սուրբ Էջմիածին «Վաչե և Թամար Մանուկյան» Մատենադարան Մայր Աթոռ Սուրբ Էջմիածին «Վաչե և Թամար Մանուկյան» Մատենադարան 15/10/2025 1706.00 37103   281.62(09)/Հ-42 37103 15/10/2025 15/10/2025 Գրքեր/Books Չի սպասարկվում
    Dewey Decimal Classification     Գրապահոց Մայր Աթոռ Սուրբ Էջմիածին «Վաչե և Թամար Մանուկյան» Մատենադարան Մայր Աթոռ Սուրբ Էջմիածին «Վաչե և Թամար Մանուկյան» Մատենադարան 15/10/2025 1706.00 37104   281.62(09)/Հ-42 37104 15/10/2025 15/10/2025 Գրքեր/Books Սպասարկվում է ընթերցասրահ
    Dewey Decimal Classification     Գրապահոց Մայր Աթոռ Սուրբ Էջմիածին «Վաչե և Թամար Մանուկյան» Մատենադարան Մայր Աթոռ Սուրբ Էջմիածին «Վաչե և Թամար Մանուկյան» Մատենադարան 15/10/2025 1706.00 37105   281.62(09)/Հ-42 37105 15/10/2025 15/10/2025 Գրքեր/Books Սպասարկվում է 30 օր
    Dewey Decimal Classification     Գրապահոց Մայր Աթոռ Սուրբ Էջմիածին «Վաչե և Թամար Մանուկյան» Մատենադարան Մայր Աթոռ Սուրբ Էջմիածին «Վաչե և Թամար Մանուկյան» Մատենադարան 15/10/2025 1706.00 37106   281.62(09)/Հ-42 37106 15/10/2025 15/10/2025 Գրքեր/Books Սպասարկվում է ընթերցասրահ
    Dewey Decimal Classification     Գրապահոց Մայր Աթոռ Սուրբ Էջմիածին «Վաչե և Թամար Մանուկյան» Մատենադարան Մայր Աթոռ Սուրբ Էջմիածին «Վաչե և Թամար Մանուկյան» Մատենադարան 15/10/2025 1706.00 37107   281.62(09)/Հ-42 37107 15/10/2025 15/10/2025 Գրքեր/Books Սպասարկվում է 30 օր